No Nation for Women/ (Record no. 201045)

MARC details
000 -LEADER
fixed length control field 00554nam a22001817a 4500
005 - DATE AND TIME OF LATEST TRANSACTION
control field 20240226124222.0
010 ## - LCCN (DPL NO)
LC control number ENG-139448
020 ## - INTERNATIONAL STANDARD BOOK NUMBER
International Standard Book Number 9789386797087
Terms of availability 699.00
035 ## - SYSTEM CONTROL NUMBER
System control number EN-122980
037 ## - SOURCE OF ACQUISITION
Source of stock number/acquisition DBAD/PUB
082 ## - DEWEY DECIMAL CLASSIFICATION NUMBER
Classification number 305.40954
100 ## - MAIN ENTRY--PERSONAL NAME
Personal name Dubey, Priyanka
245 ## - TITLE STATEMENT
Title No Nation for Women/
Statement of responsibility, etc by Priyanka Dubey
260 ## - PUBLICATION, DISTRIBUTION, ETC. (IMPRINT)
Place of publication, distribution, etc New Delhi
Name of publisher, distributor, etc Simon & Schuster
Date of publication, distribution, etc 2018
270 ## - ADDRESS
Address 818, Indraprakash Building, 21, Barakhamba Road,
City New Delhi
Postal code 110001
300 ## - PHYSICAL DESCRIPTION
Extent xv, 242p.
Dimensions 21cm(HB)
942 ## - ADDED ENTRY ELEMENTS (KOHA)
Source of classification or shelving scheme Dewey Decimal Classification
Item type English Books
Call number suffix DUB
Classification part 305.40954
Holdings
Withdrawn status Lost status Not for loan Collection code Home library Current library Date acquired Source of acquisition Cost, normal purchase price Full call number Barcode Copy number Cost, replacement price Koha item type
      Non-fiction Bawana Bawana 26/02/2024 DBAD 699.00 DUB 305.40954 EN-122980 1 699.00 English Books

© Delhi Public Library
Hit Counter
free hit counter